Daily report. Soviet Union, Index /

Bibliographic Details
New Title:Daily report, Central Eurasia. Index
Corporate Author: United States. Foreign Broadcast Information Service
Format: Journal
Language:English
Published: Stamford, Conn. : NewsBank, [19 -[1993]
Subjects:
Online Availability: Check for online availability

MARC

Tag First Indicator Second Indicator Subfields
LEADER 00000cas a2200000 a 4500
001 in00000083251
005 20151008061207.0
008 790501d19771991ctumr p i 0 u 0eng d
010 |a  82640744  
012 |a 2  |b 3  |l 1 
019 |a 5753802 
022 0 |a 0731-3276 
035 |a (OCoLC)04915621 
035 |9 AAJ7520AM 
040 |a FDA  |c FDA  |d DLC  |d NSD  |d NST  |d DLC  |d NST  |d NSD  |d OCL  |d TXA  |d UtOrBLW 
042 |a lc  |a nsdp 
043 |a e-ur--- 
049 |a [Docs] TXAE 
050 0 0 |a DK1  |b .D342  |b Suppl. 
090 |a DK1  |b  D342 
210 0 |a Dly. rep., Sov. Union, Index 
222 0 |a Daily report, Soviet Union. Index 
245 0 0 |a Daily report.  |p Soviet Union, Index /  |c Foreign Broadcast Information Service. 
264 1 |a Stamford, Conn. :  |b NewsBank,  |c [19 -[1993] 
264 4 |c [©1993] 
300 |a 15 volumes ;  |c 28 cm. 
310 |a Monthly, with an annual cumulation 
321 |a Quarterly 
336 |a text  |b txt  |2 rdacontent 
337 |a unmediated  |b n  |2 rdamedia 
338 |a volume  |b nc  |2 rdacarrier 
362 1 |a Ceased with vol. 15 (Jan.-Dec. 1991). 
500 |a At head of title: Foreign Broadcast Information Service. 
500 |a Description based on: Jan.-Mar. 1977. 
515 |a Issues for 1977-1978 lack enumeration but consitute v.1-2. 
651 0 |a Soviet Union  |v Periodicals  |x Indexes. 
651 0 |a Soviet Union  |x Politics and government  |y 1953-1985  |x Indexes. 
651 0 |a Soviet Union  |x Politics and government  |y 1985-1991  |x Indexes. 
651 0 |a Soviet Union  |x History  |y 1953-1985  |x Indexes. 
651 0 |a Soviet Union  |x History  |y 1985-1991  |x Indexes. 
650 0 |a World politics  |y 1945-  |x Periodicals  |x Indexes. 
710 1 |a United States.  |b Foreign Broadcast Information Service. 
785 0 0 |t Daily report, Central Eurasia. Index  |x 1062-9939  |w (DLC) 92650035  |w (OCoLC)25602260 
948 |a t1 
999 |a MARS 
999 f f |s f338a748-0a8e-37d1-907f-0a445dc9c735  |i f53239cf-bce6-33e1-b1ee-9a49fadc6ea5  |t 0 
952 f f |p 4_hour  |a Texas A&M University  |b College Station  |c Sterling C. Evans Library  |d Evans: Microforms Reference (3rd floor)  |t 0  |e DK1 D342  |h Library of Congress classification  |i unmediated -- volume  |k v.2  |l 1978  |m A14833769062 
952 f f |p 4_hour  |a Texas A&M University  |b College Station  |c Sterling C. Evans Library  |d Evans: Microforms Reference (3rd floor)  |t 0  |e DK1 D342  |h Library of Congress classification  |i unmediated -- volume  |k v.9  |l 1985  |m A14833768707 
952 f f |p 4_hour  |a Texas A&M University  |b College Station  |c Sterling C. Evans Library  |d Evans: Microforms Reference (3rd floor)  |t 0  |e DK1 D342  |h Library of Congress classification  |i unmediated -- volume  |k v.12  |l 1988  |m A14833768626 
952 f f |p 4_hour  |a Texas A&M University  |b College Station  |c Sterling C. Evans Library  |d Evans: Microforms Reference (3rd floor)  |t 0  |e DK1 D342  |h Library of Congress classification  |i unmediated -- volume  |k v.8  |l 1984  |m A14833768749 
952 f f |p 4_hour  |a Texas A&M University  |b College Station  |c Sterling C. Evans Library  |d Evans: Microforms Reference (3rd floor)  |t 0  |e DK1 D342  |h Library of Congress classification  |i unmediated -- volume  |k v.13:pt.1:A-T  |l 1989  |m A14833768595 
952 f f |p 4_hour  |a Texas A&M University  |b College Station  |c Sterling C. Evans Library  |d Evans: Microforms Reference (3rd floor)  |t 0  |e DK1 D342  |h Library of Congress classification  |i unmediated -- volume  |k v.7  |l 1983  |m A14833768781 
952 f f |p 4_hour  |a Texas A&M University  |b College Station  |c Sterling C. Evans Library  |d Evans: Microforms Reference (3rd floor)  |t 0  |e DK1 D342  |h Library of Congress classification  |i unmediated -- volume  |k v.15:pt.1:A-USSR  |l 1991  |m A14833769119 
952 f f |p 4_hour  |a Texas A&M University  |b College Station  |c Sterling C. Evans Library  |d Evans: Microforms Reference (3rd floor)  |t 0  |e DK1 D342  |h Library of Congress classification  |i unmediated -- volume  |k v.1  |l 1977  |m A14833769101 
952 f f |p 4_hour  |a Texas A&M University  |b College Station  |c Sterling C. Evans Library  |d Evans: Microforms Reference (3rd floor)  |t 0  |e DK1 D342  |h Library of Congress classification  |i unmediated -- volume  |k v.5  |l 1981  |m A14833768862 
952 f f |p 4_hour  |a Texas A&M University  |b College Station  |c Sterling C. Evans Library  |d Evans: Microforms Reference (3rd floor)  |t 0  |e DK1 D342  |h Library of Congress classification  |i unmediated -- volume  |k v.10  |l 1986  |m A14833768668 
952 f f |p 4_hour  |a Texas A&M University  |b College Station  |c Sterling C. Evans Library  |d Evans: Microforms Reference (3rd floor)  |t 0  |e DK1 D342  |h Library of Congress classification  |i unmediated -- volume  |k v.14:pt.1:A-USSR  |l 1990  |m A14833768634 
952 f f |p 4_hour  |a Texas A&M University  |b College Station  |c Sterling C. Evans Library  |d Evans: Microforms Reference (3rd floor)  |t 0  |e DK1 D342  |h Library of Congress classification  |i unmediated -- volume  |k v.4  |l 1980  |m A14833768901 
952 f f |p 4_hour  |a Texas A&M University  |b College Station  |c Sterling C. Evans Library  |d Evans: Microforms Reference (3rd floor)  |t 0  |e DK1 D342  |h Library of Congress classification  |i unmediated -- volume  |k v.3  |l 1979  |m A14833768943 
952 f f |p 4_hour  |a Texas A&M University  |b College Station  |c Sterling C. Evans Library  |d Evans: Microforms Reference (3rd floor)  |t 0  |e DK1 D342  |h Library of Congress classification  |i unmediated -- volume  |k v.13:pt.2:U-Z  |l 1989  |m A14833769193 
952 f f |p 4_hour  |a Texas A&M University  |b College Station  |c Sterling C. Evans Library  |d Evans: Microforms Reference (3rd floor)  |t 0  |e DK1 D342  |h Library of Congress classification  |i unmediated -- volume  |k v.11  |l 1987  |m A14833768587 
952 f f |p 4_hour  |a Texas A&M University  |b College Station  |c Sterling C. Evans Library  |d Evans: Microforms Reference (3rd floor)  |t 0  |e DK1 D342  |h Library of Congress classification  |i unmediated -- volume  |k v.6  |l 1982  |m A14833768820 
952 f f |p 4_hour  |a Texas A&M University  |b College Station  |c Sterling C. Evans Library  |d Evans: Microforms Reference (3rd floor)  |t 0  |e DK1 D342  |h Library of Congress classification  |i unmediated -- volume  |k v.14:pt.2:USSR-Z  |l 1990  |m A14833769151 
952 f f |p 4_hour  |a Texas A&M University  |b College Station  |c Sterling C. Evans Library  |d Evans: Microforms Reference (3rd floor)  |t 0  |e DK1 D342  |h Library of Congress classification  |i unmediated -- volume  |k v.15:pt.2:USSR-Z  |l 1991  |m A14833769070 
998 f f |a DK1 D342  |s v.1-15 (1977-1991)  |t 0  |l Evans: Microforms Reference (3rd floor)